000 00533nam a2200205Ia 4500
005 20250508170020.0
008 008 250505s9999 xx 000 0 hin d
020 _a81-7138-172-3
037 _aTextual
040 _aFEDL
_beng
_cFEDL
041 _ahin
_2eng
084 _a370, SHA
_qFEDL
100 _aSharma Prempal
_9404191
245 0 _aPadhne ka anand
260 _aNew Delhi, India
_bSamayik Books
_c2014
300 _a239p.
365 _aINR
_b150
942 _cTEXL
_h370, SHA
999 _c1398699
_d1398699